Humory na pátek /

Hlavní autor: Hlavicová, Bára, 1994-
Další autoři: Hlavica, Petr, 1990-
Jazyk: Čeština
Vydáno: [Troubsko] : vlastním nákladem Petr a Bára Hlavicovi, 2024
Témata:
Fyzický popis: 111 nečíslovaných listů : ilustrace ; 16 cm
Knihy
Uloženo v:
LEADER 01396nam a2200397 i 4500
001 nkc20243643891
003 CZ PrNK
005 20250221091805.0
007 ta
008 241119s2024 xr a g 000 h cze
015 |a cnb003643891 
020 |a 978-80-11-05908-8  |q (vázáno) 
035 |a (OCoLC)1505964943 
040 |a BOA001  |b cze  |e rda 
072 7 |a 821-1/-8  |x Literatura různých forem a žánrů  |2 Konspekt  |9 25 
080 |a 821-845  |2 MRF 
080 |a (0:82-845)  |2 MRF 
100 1 |a Hlavicová, Bára,  |d 1994-  |7 mzk20251251539  |4 aut 
245 1 0 |a Humory na pátek /  |c Bára a Petr Hlavicovi 
264 1 |a [Troubsko] :  |b vlastním nákladem Petr a Bára Hlavicovi,  |c 2024 
300 |a 111 nečíslovaných listů :  |b ilustrace ;  |c 16 cm 
336 |a text  |b txt  |2 rdacontent 
337 |a bez média  |b n  |2 rdamedia 
338 |a svazek  |b nc  |2 rdacarrier 
655 7 |a vtipy  |7 fd133820  |2 czenas 
655 9 |a jokes  |2 eczenas 
700 1 |a Hlavica, Petr,  |d 1990-  |7 mzk20251251544  |4 aut 
910 2 |a BOA001  |b 1-1537.790 
928 9 |a Petr a Bára Hlavicovi 
928 9 |a Petr Hlavica 
928 9 |a Bára Hlavicová 
990 |a BK 
995 |a 01 
991 |b 202502  |c NOV 
996 6 |b 2610993735  |c 1-1537.790  |l MZK  |r Sklad / do 1 hodiny  |n 0  |p p.v.  |w 001993357  |u 000010  |a 1  |e BOA001  |j MZK50  |s P 
996 7 |b 2610993736  |c 1-1537.790  |l MZK  |r Sklad / do 1 hodiny  |n 0  |p p.v.  |w 001993357  |u 000020  |a 1  |e BOA001  |j MZK50  |s A